Commonest Hispanic Last Names (Last 3 Letters) - Statistics

General Stats
  • This quiz has been taken 257 times
  • The average score is 21 of 30
Answer Stats
rank name % Correct
2 Rodrig{uez}
98%
27 Vasq{uez}
98%
28 Jimi{nez}
96%
3 Marti{nez}
96%
6 Gonza{lez}
95%
24 Alva{rez}
94%
19 Gutier{rez}
94%
7 Pe{rez}
94%
9 Rami{rez}
94%
1 Gar{cia}
92%
5 Lo{pez}
92%
4 Hernan{dez}
91%
11 Flo{res}
89%
10 Tor{res}
89%
8 Sanc{hez}
81%
20 Gonza{les}
79%
17 Mora{les}
79%
12 Riv{era}
78%
13 Go{mez}
68%
14 D{iaz}
58%
22 Cha{vez}
48%
18 Or{tiz}
43%
21 Ra{mos}
36%
15 Re{yes}
32%
26 Casti{llo}
31%
25 Mend{oza}
31%
29 Rom{ero}
27%
16 C{ruz}
25%
23 R{uiz}
25%
30 Mor{eno}
17%
No matching quizzes found
Score Distribution
Percent of People with Each Score
Percentile by Number Answered
Your Score History
You have not taken this quiz